000 00213 a2200097 4500
001 14804
100 _aAmjad
245 _aIqbal Fikr-o-Fun
260 _aRawalpindi
_bNadeem publications
_c
090 _c11583
_d11583
942 _aNUST-CAE
_cM
_c1762
999 _c249877
_d249877